[Event "Reykjavik Open 2026"]
[Site "Reykjavik ISL"]
[Date "2026.03.25"]
[Round "1.70"]
[White "Resika, Nathan"]
[Black "Thorfinnsson, Bjorn"]
[Result "0-1"]
[WhiteTitle "FM"]
[BlackTitle "IM"]
[WhiteElo "1990"]
[BlackElo "2335"]
[WhiteFideId "2008343"]
[BlackFideId "2300982"]
[EventDate "2026.03.25"]

1. c4 Nf6 2. g3 e5 3. Bg2 c6 4. Nf3 e4 5. Nd4 d5 6. cxd5 Qxd5 7. e3 Bg4 8. Qb3
Qxb3 9. axb3 Bc5 10. h3 Bd7 11. Nc3 Bxd4 12. exd4 O-O 13. g4 Re8 14. O-O Na6 15.
d3 exd3 16. Bg5 Nb4 17. Bxf6 gxf6 18. Ne4 Kg7 19. Nd6 Re7 20. Be4 Be6 21. Ra4
Rd8 22. Rxb4 Rxd6 23. Rd1 Bxg4 24. Rxd3 Rxe4 25. hxg4 Rxg4+ 26. Rg3 Rxg3+ 27.
fxg3 b5 28. d5 Rxd5 0-1

[Event "Reykjavik Open 2026"]
[Site "Reykjavik ISL"]
[Date "2026.03.25"]
[Round "1.71"]
[White "Wang, Qibiao"]
[Black "Dalhouse, Justin"]
[Result "1/2-1/2"]
[WhiteElo "2332"]
[BlackElo "1989"]
[WhiteFideId "8604282"]
[BlackFideId "30902894"]
[EventDate "2026.03.25"]

1. c4 Nf6 2. Nf3 c5 3. g3 g6 4. Bg2 Bg7 5. Nc3 Nc6 6. O-O d6 7. d4 cxd4 8. Nxd4
Nxd4 9. Qxd4 O-O 10. Rd1 Qc7 11. Nb5 Qb8 12. Qh4 Bd7 13. Bg5 Bc6 14. Rac1 Bxg2
15. Kxg2 b6 16. f3 Rd8 17. Nd4 Qb7 18. b4 Rdc8 19. b5 Rc5 20. Nc6 Rc8 21. Bxf6
Bxf6 22. Qe4 R8xc6 23. bxc6 Rxc6 24. h4 Qc8 25. Qe3 Rxc4 26. Rxc4 Qxc4 27. a3
Kg7 28. Rc1 Qa6 29. Rc7 h5 30. Qd3 Qa5 31. Rc2 d5 32. Rc7 d4 33. f4 Qa4 34. f5
a5 35. fxg6 fxg6 36. Rc8 Qd7 37. Qc4 Qg4 38. Qg8+ Kh6 39. Qf8+ Kh7 40. Qg8+ Kh6
41. Qf8+ Kh7 1/2-1/2

[Event "Reykjavik Open 2026"]
[Site "Reykjavik ISL"]
[Date "2026.03.25"]
[Round "1.72"]
[White "Bjarnason, Snorri Vikanes"]
[Black "Brzezina, Piotr"]
[Result "0-1"]
[BlackTitle "FM"]
[WhiteElo "1988"]
[BlackElo "2328"]
[WhiteFideId "1539833"]
[BlackFideId "21078874"]
[EventDate "2026.03.25"]

1. c4 e5 2. g3 Nf6 3. Bg2 d5 4. cxd5 Nxd5 5. Nc3 Nb6 6. Nf3 Nc6 7. O-O Be7 8. d3
O-O 9. a3 Re8 10. b4 Bf8 11. Bb2 a5 12. b5 Nd4 13. Nxd4 exd4 14. Ne4 a4 15. Rc1
Ra5 16. Rc2 Rxb5 17. Qc1 c6 18. Qa1 f5 19. Nd2 Rxe2 20. Bxd4 Nd5 21. Bf3 Re8 22.
Bh5 Re6 23. Nc4 Rb3 24. Ne5 g6 25. Bd1 Rxa3 26. Ra2 Rxa2 27. Qxa2 Nb4 28. Qa1 b5
29. g4 c5 30. gxf5 Ra6 31. Be3 Bxf5 32. d4 Nd5 33. Bd2 0-1

[Event "Reykjavik Open 2026"]
[Site "Reykjavik ISL"]
[Date "2026.03.25"]
[Round "1.73"]
[White "Holinka, Henning"]
[Black "Finke, Kelvin"]
[Result "1-0"]
[WhiteTitle "FM"]
[WhiteElo "2324"]
[BlackElo "1986"]
[WhiteFideId "12967084"]
[BlackFideId "3205495"]
[EventDate "2026.03.25"]

1. e4 c5 2. Nf3 e6 3. d4 cxd4 4. Nxd4 Nc6 5. Nc3 Qc7 6. Be3 a6 7. g4 b5 8. Nxc6
Qxc6 9. Qd2 Nf6 10. f3 b4 11. Ne2 d5 12. e5 Nd7 13. Nd4 Qc7 14. f4 g5 15. f5
Nxe5 16. fxe6 fxe6 17. Bxg5 Rg8 18. O-O-O Nc4 19. Bxc4 Qxc4 20. Kb1 Bg7 21. Qe3
e5 22. Nf5 Bxf5 23. gxf5 Qc6 24. Qf3 Rc8 25. f6 Qxc2+ 26. Ka1 e4 27. Qf5 1-0

[Event "Reykjavik Open 2026"]
[Site "Reykjavik ISL"]
[Date "2026.03.25"]
[Round "1.74"]
[White "Hanisch, Sebastian"]
[Black "Kurmangaliyeva, Liya"]
[Result "0-1"]
[BlackTitle "FM"]
[WhiteElo "1984"]
[BlackElo "2319"]
[WhiteFideId "24668150"]
[BlackFideId "13725831"]
[EventDate "2026.03.25"]

1. d4 Nf6 2. Bf4 d5 3. e3 c5 4. c3 Nc6 5. Nd2 e6 6. Ngf3 Nh5 7. Bg5 f6 8. Bh4 g6
9. Ne5 Be7 10. Nxc6 bxc6 11. Be2 Ng7 12. f4 Rb8 13. Qc2 Qb6 14. b3 O-O 15. O-O
Bd7 16. Bf2 Rbc8 17. Qb2 cxd4 18. exd4 c5 19. Kh1 cxd4 20. Bxd4 Qa5 21. b4 Qc7
22. Nb3 e5 23. fxe5 fxe5 24. Bc5 Bc6 25. Bg4 Rce8 26. Qa3 h5 27. Be2 Bxc5 28.
Nxc5 Nf5 29. Qb3 Kh7 30. Rae1 Qe7 31. Bf3 Qh4 32. Kg1 e4 33. Bd1 Qg5 34. Qb2 Bb5
35. Be2 Qe3+ 36. Kh1 Bxe2 37. Rg1 h4 38. Rxe2 Qh6 39. g4 Ng3+ 40. Kg2 h3+ 41.
Kxg3 Rf3# 0-1

[Event "Reykjavik Open 2026"]
[Site "Reykjavik ISL"]
[Date "2026.03.25"]
[Round "1.75"]
[White "Roubalik, Jakub"]
[Black "Oelschlaeger, Lennart"]
[Result "1-0"]
[WhiteTitle "IM"]
[WhiteElo "2316"]
[BlackElo "1984"]
[WhiteFideId "322237"]
[BlackFideId "12996807"]
[EventDate "2026.03.25"]

1. d4 d5 2. c4 e6 3. Nc3 Nf6 4. cxd5 exd5 5. Bg5 c6 6. Qc2 h6 7. Bh4 Be7 8. e3
O-O 9. Bd3 Ne8 10. Bg3 Nd6 11. Nge2 Be6 12. O-O Qc8 13. f3 Bf5 14. e4 dxe4 15.
fxe4 Bh7 16. e5 Bxd3 17. Qxd3 Ne8 18. d5 cxd5 19. Nxd5 Nc6 20. Rac1 Qd7 21. Rfd1
Rd8 22. Qe4 Kh8 23. Nxe7 Qxe7 24. Bh4 g5 25. Rxd8 Nxd8 26. Bf2 Ne6 27. Nc3 b6
28. Nd5 Qb7 29. Be3 b5 30. Qd3 Qd7 31. Qe4 Qb7 32. Qd3 Qd7 33. Qe4 Qb7 34. Nf6
Qxe4 35. Nxe4 a5 36. Bc5 Nxc5 37. Nxc5 Kg7 38. Rd1 Kg6 39. Rd8 f5 40. exf6 Kxf6
41. Rb8 Ke7 42. Rxb5 Rf5 43. Rxa5 Nc7 44. b4 Nd5 45. Nd3 g4 46. a3 Kd6 47. Ra6+
Ke7 48. Rxh6 Nc3 49. g3 Ne2+ 50. Kg2 Rf3 51. Ne5 Rxa3 52. Nxg4 Ra2 53. Kf3 1-0

[Event "Reykjavik Open 2026"]
[Site "Reykjavik ISL"]
[Date "2026.03.25"]
[Round "1.76"]
[White "Jiang, Brian"]
[Black "Unuk, Laura"]
[Result "1-0"]
[BlackTitle "IM"]
[WhiteElo "1983"]
[BlackElo "2314"]
[WhiteFideId "2627922"]
[BlackFideId "14609215"]
[EventDate "2026.03.25"]

1. c4 e6 2. Nc3 b6 3. d4 Bb7 4. Qc2 Nf6 5. e4 Bb4 6. e5 Ne4 7. Nf3 f5 8. exf6
Nxf6 9. Be2 O-O 10. O-O Nc6 11. Bf4 Bxc3 12. Qxc3 Ne4 13. Qe3 Ne7 14. Rad1 Nf5
15. Qc1 Qf6 16. d5 d6 17. Qc2 Nc5 18. b4 Nd7 19. Ng5 e5 20. Be3 Rae8 21. Bg4 g6
22. Ne6 Rxe6 23. dxe6 Qxe6 24. c5 bxc5 25. bxc5 d5 26. c6 Qxc6 27. Qb3 Nb6 28.
Rc1 Nc4 29. Bf3 Nfd6 30. Bh6 Re8 31. Rfd1 e4 32. Be2 Ba6 33. Qc3 Nf5 34. Bf4 Qb7
35. Qf6 c6 36. Bg4 Ng7 37. Rb1 Qf7 38. Qxf7+ Kxf7 39. Bd7 Rd8 40. Bxc6 Nb6 41.
Be3 Bc4 42. a4 Rd6 43. Bb5 Bxb5 44. Rxb5 Ke6 45. Bxb6 axb6 46. Rdb1 Nf5 47. Rxb6
d4 48. a5 d3 49. a6 d2 50. Rxd6+ Nxd6 51. a7 1-0

[Event "Reykjavik Open 2026"]
[Site "Reykjavik ISL"]
[Date "2026.03.25"]
[Round "1.77"]
[White "Kejna, Piotr"]
[Black "Jensen, Stein"]
[Result "1-0"]
[WhiteTitle "FM"]
[BlackTitle "FM"]
[WhiteElo "2310"]
[BlackElo "1982"]
[WhiteFideId "21821704"]
[BlackFideId "1500724"]
[EventDate "2026.03.25"]

1. e4 e6 2. d4 d5 3. Nc3 Nf6 4. Bg5 Be7 5. e5 Nfd7 6. h4 a6 7. Qg4 f5 8. Qh5+ g6
9. Qh6 Bxg5 10. hxg5 Kf7 11. Nge2 Nf8 12. Nf4 Rg8 13. O-O-O Nc6 14. g4 Ne7 15.
Bh3 c6 16. Rde1 Qb6 17. Nce2 a5 18. Nd3 Qa7 19. c3 b6 20. gxf5 exf5 21. e6+ Ke8
22. Nef4 Qc7 23. Re3 Ra7 24. Rhe1 c5 25. Kb1 cxd4 26. cxd4 Qc4 27. Ne2 Qc7 28.
Nc3 Ba6 29. Ne5 Qd6 30. Nd7 Nxd7 31. exd7+ Rxd7 32. Qxh7 Rf8 33. Re6 Bd3+ 34.
Ka1 1-0

[Event "Reykjavik Open 2026"]
[Site "Reykjavik ISL"]
[Date "2026.03.25"]
[Round "1.78"]
[White "Kukelko, Alexey"]
[Black "Van Zeebroeck, Sam"]
[Result "0-1"]
[WhiteTitle "FM"]
[WhiteElo "2304"]
[BlackElo "1978"]
[WhiteFideId "14153084"]
[BlackFideId "231924"]
[EventDate "2026.03.25"]

1. e4 e6 2. d4 b6 3. Bd3 Bb7 4. Qe2 d5 5. Nf3 dxe4 6. Bxe4 Bxe4 7. Qxe4 Nd7 8.
O-O Ngf6 9. Qe2 Bd6 10. Nbd2 c6 11. Nc4 Bc7 12. Nfe5 Nxe5 13. dxe5 Nd5 14. Qg4
Qd7 15. Re1 O-O-O 16. Nd2 h5 17. Qa4 Bb8 18. Nf3 c5 19. Qe4 Qb7 20. Bg5 Rd7 21.
a3 Ne7 22. Bxe7 Rxe7 23. Qh4 Rd7 24. a4 g6 25. Rad1 Rhd8 26. Rxd7 Qxd7 27. b3
Qd5 28. Qe7 Rd7 29. Qe8+ Kb7 30. h4 Bc7 31. Ng5 Qd2 32. Kf1 Rd4 33. Nf3 Rd8 34.
Qxf7 Qxc2 35. Qxe6 Qd3+ 36. Kg1 Rd5 37. Re3 Qb1+ 38. Kh2 Rd1 39. Qc4 Qb2 40. Re2
Qa1 41. Qe4+ Kb8 42. Qxg6 Rh1+ 43. Kg3 Qc3 44. Re3 Qb2 45. Qg8+ Kb7 46. Qd5+ Kb8
47. Qd2 Qb1 48. Qd3 Qa1 49. Qe4 Qb2 50. Qf5 Rf1 51. Ng5 Qd4 52. Ne6 Qxe3+ 0-1

[Event "Reykjavik Open 2026"]
[Site "Reykjavik ISL"]
[Date "2026.03.25"]
[Round "1.79"]
[White "Zuiderweg, Edwin"]
[Black "Llari, Marc"]
[Result "0-1"]
[BlackTitle "FM"]
[WhiteElo "1977"]
[BlackElo "2300"]
[WhiteFideId "1012207"]
[BlackFideId "651044269"]
[EventDate "2026.03.25"]

1. e4 e5 2. Nf3 Nc6 3. d4 exd4 4. Nxd4 Nf6 5. Nxc6 bxc6 6. e5 Qe7 7. Qe2 Nd5 8.
c4 Nb6 9. Nc3 Qe6 10. Qe4 g6 11. Bd3 Bg7 12. f4 O-O 13. O-O Ba6 14. c5 Bxd3 15.
Qxd3 Nd5 16. Nxd5 cxd5 17. Be3 c6 18. Bd4 f6 19. Rae1 0-1

[Event "Reykjavik Open 2026"]
[Site "Reykjavik ISL"]
[Date "2026.03.25"]
[Round "1.80"]
[White "Yu, Jennifer"]
[Black "Heppert, Lars"]
[Result "1-0"]
[WhiteTitle "FM"]
[WhiteElo "2299"]
[BlackElo "1975"]
[WhiteFideId "2078341"]
[BlackFideId "24668575"]
[EventDate "2026.03.25"]

1. c4 e6 2. Nc3 d5 3. e3 Nf6 4. Nf3 Be7 5. b3 O-O 6. Bb2 c5 7. cxd5 exd5 8. d4
b6 9. Be2 Bb7 10. O-O Nbd7 11. Rc1 Ne4 12. dxc5 Nxc3 13. Bxc3 bxc5 14. Qd2 Bf6
15. b4 Bxc3 16. Qxc3 c4 17. Rfd1 Qf6 18. Rd4 Nb6 19. Qd2 Rfe8 20. Rf4 Qe7 21.
Nd4 g6 22. h4 h5 23. a3 Qe5 24. g4 hxg4 25. Rxg4 Kg7 26. Rg5 Qf6 27. f4 Rh8 28.
h5 Rag8 29. hxg6 Kf8 30. Bh5 Rh6 31. b5 fxg6 32. Bf3 Qe7 33. Re5 Qxa3 34. Ne6+
Kf7 35. Ng5+ Kf8 36. Rf1 Rgh8 37. Qd4 Nd7 38. Ra1 Qb4 39. Rxd5 Bxd5 40. Qxd5
R8h7 41. Qa8+ Ke7 42. Qe4+ Kf8 43. Qa8+ Ke7 44. Nxh7 Rxh7 45. Rd1 Qc5 46. Qb7
Qxe3+ 47. Kf1 Qe6 48. Re1 1-0

[Event "Reykjavik Open 2026"]
[Site "Reykjavik ISL"]
[Date "2026.03.25"]
[Round "1.81"]
[White "Vedant Nayudu"]
[Black "Moor, Olivier"]
[Result "0-1"]
[BlackTitle "IM"]
[WhiteElo "1975"]
[BlackElo "2290"]
[WhiteFideId "33369780"]
[BlackFideId "1303112"]
[EventDate "2026.03.25"]

1. e4 e6 2. d4 d5 3. Nc3 Nf6 4. e5 Nfd7 5. f4 c5 6. Nf3 Nc6 7. Be3 cxd4 8. Nxd4
Bc5 9. Qd2 Bxd4 10. Bxd4 a6 11. O-O-O O-O 12. h4 b5 13. h5 b4 14. Na4 Qc7 15. h6
g6 16. b3 a5 17. g4 Bb7 18. Bf2 Rfc8 19. Bb5 Ba6 20. Bxa6 Rxa6 21. Qe2 Ncb8 22.
Kb1 Rc6 23. Rd2 Na6 24. Rf1 Qb8 25. Bd4 Nc7 26. Bb2 Nb5 27. Rf3 Na3+ 28. Bxa3
bxa3 29. Re3 Rc4 30. Nb2 Rxf4 31. Nd3 Rfc4 32. Kc1 Rc3 33. Kd1 a4 34. Qf2 axb3
35. cxb3 0-1

[Event "Reykjavik Open 2026"]
[Site "Reykjavik ISL"]
[Date "2026.03.25"]
[Round "1.82"]
[White "Tamas, Christian-Arrydan"]
[Black "Vitale, Romualdo"]
[Result "1-0"]
[WhiteTitle "FM"]
[WhiteElo "2287"]
[BlackElo "1975"]
[WhiteFideId "1283740"]
[BlackFideId "862134"]
[EventDate "2026.03.25"]

1. d4 d5 2. c4 e6 3. Nc3 c5 4. cxd5 exd5 5. Nf3 Nf6 6. Bg5 Be6 7. a3 Nc6 8. e3
c4 9. g3 Be7 10. Bg2 O-O 11. Nd2 h6 12. Bxf6 Bxf6 13. O-O a6 14. b3 cxb3 15.
Nxb3 b6 16. Nc1 Rc8 17. N1e2 Na5 18. Qd3 Nc4 19. Nf4 Nb2 20. Qd2 Nc4 21. Qe2 Re8
22. Ncxd5 Bxd4 23. Nxe6 fxe6 24. exd4 exd5 25. Qh5 Qf6 26. Bxd5+ Kf8 27. Rad1
Nd6 28. Rd3 Qg5 29. Rf3+ Ke7 30. Re1+ Kd7 31. Rf7+ Nxf7 32. Qxf7+ Kd6 33. Re6+
Rxe6 34. Qxe6+ Kc7 35. Qc6+ Kd8 36. Qd6+ Ke8 37. Bc6+ Rxc6 38. Qxc6+ Ke7 39. h4
Qd2 40. d5 Qe1+ 41. Kg2 Qe4+ 42. Kh2 Qd4 43. Qe6+ Kd8 44. Kg2 Qb2 45. Qd6+ Ke8
46. Qc6+ Kf7 47. Qe6+ Kf8 48. d6 Qxa3 49. Qe7+ Kg8 50. Qe8+ Kh7 51. d7 1-0

[Event "Reykjavik Open 2026"]
[Site "Reykjavik ISL"]
[Date "2026.03.25"]
[Round "1.83"]
[White "Haraldsson, Haraldur"]
[Black "Ruiz Buendia, Miguel"]
[Result "0-1"]
[BlackTitle "FM"]
[WhiteElo "1971"]
[BlackElo "2279"]
[WhiteFideId "2311100"]
[BlackFideId "24537675"]
[EventDate "2026.03.25"]

1. e4 c5 2. Nf3 d6 3. d4 cxd4 4. Nxd4 Nf6 5. Nc3 a6 6. Bg5 Nbd7 7. a4 e6 8. Bc4
Qa5 9. Bxf6 Nxf6 10. O-O Be7 11. Nb3 Qc7 12. Qe2 Bd7 13. f4 h5 14. a5 h4 15. f5
h3 16. fxe6 fxe6 17. g3 b5 18. axb6 Qxb6+ 19. Qf2 Bd8 20. Be2 Qb4 21. Kh1 Bb6
22. Qf4 e5 23. Qg5 O-O 24. Nd2 Be6 25. Ra4 Qc5 26. Raa1 Qc6 27. Bf3 Nh7 28. Qh5
Nf6 29. Qg5 Bd4 30. Ra3 Rf7 31. g4 Raf8 32. Qg6 Qc8 33. g5 Ng4 34. Nd5 Bxd5 35.
exd5 Qf5 36. Qe6 Qf4 37. Bxg4 Qxg4 0-1

[Event "Reykjavik Open 2026"]
[Site "Reykjavik ISL"]
[Date "2026.03.25"]
[Round "1.84"]
[White "De Vleeschauwer, Maarten"]
[Black "Ragnarsson, Johann"]
[Result "1-0"]
[WhiteTitle "FM"]
[WhiteElo "2277"]
[BlackElo "1967"]
[WhiteFideId "214809"]
[BlackFideId "2301040"]
[EventDate "2026.03.25"]

1. e4 c6 2. Nf3 d5 3. d3 dxe4 4. dxe4 Qxd1+ 5. Kxd1 Nf6 6. Nbd2 g6 7. Ne1 Be6 8.
f3 h5 9. Bc4 Bxc4 10. Nxc4 Nbd7 11. Nd3 Bh6 12. Bxh6 Rxh6 13. a4 h4 14. Ke2 Rh5
15. g4 hxg3 16. hxg3 Rxh1 17. Rxh1 Nh5 18. Kf2 Nf8 19. Nce5 Rd8 20. a5 Ng7 21.
Rh8 Rd6 22. Ke3 Ne6 23. b4 Nd4 24. c3 Ne6 25. f4 Nc7 26. Nc5 b6 27. axb6 axb6
28. Ncd7 Ne6 29. f5 Rxd7 30. fxe6 fxe6 31. Nxd7 1-0

[Event "Reykjavik Open 2026"]
[Site "Reykjavik ISL"]
[Date "2026.03.25"]
[Round "1.85"]
[White "Berg, Kurt Magnus"]
[Black "Sivanandan, Bodhana"]
[Result "0-1"]
[BlackTitle "WIM"]
[WhiteElo "1966"]
[BlackElo "2268"]
[WhiteFideId "1507389"]
[BlackFideId "497592"]
[EventDate "2026.03.25"]

1. d4 d5 2. Nc3 Nf6 3. Bf4 e6 4. e3 c5 5. Nb5 Na6 6. c3 Be7 7. a4 Bd7 8. Nf3 O-O
9. Ne5 Be8 10. Bd3 c4 11. Bc2 Nb8 12. O-O a6 13. Na3 Nc6 14. b4 cxb3 15. Bxb3
Na5 16. c4 Qb6 17. Bc2 Bxa3 18. Rxa3 Nxc4 19. Nxc4 dxc4 20. Qb1 Qxb1 21. Rxb1
Bc6 22. a5 Rfe8 23. Ba4 Rec8 24. f3 Nd5 25. Bxc6 Rxc6 26. Rxb7 c3 27. Ra1 h6 28.
Bb8 c2 29. Rc1 Rc4 30. Rb2 Rb4 0-1

[Event "Reykjavik Open 2026"]
[Site "Reykjavik ISL"]
[Date "2026.03.25"]
[Round "1.86"]
[White "Loncke, Matthieu"]
[Black "Van Meurs, Rob"]
[Result "1-0"]
[WhiteElo "2263"]
[BlackElo "1964"]
[WhiteFideId "45197148"]
[BlackFideId "1012932"]
[EventDate "2026.03.25"]

1. d4 Nf6 2. c4 c5 3. d5 e5 4. Nc3 d6 5. e4 Be7 6. Nf3 O-O 7. Be2 Na6 8. O-O Ne8
9. Ne1 Bg5 10. Bg4 f5 11. exf5 Bxc1 12. Rxc1 Bxf5 13. Bxf5 Rxf5 14. Ne4 Nac7 15.
Rc3 Rf4 16. Qe2 Nf6 17. Nd2 Qd7 18. Nd3 Rg4 19. f4 exf4 20. Nxf4 Re8 21. Re3
Rxe3 22. Qxe3 Qe8 23. Qf2 Nd7 24. h3 Rg5 25. Nd3 Ne5 26. Re1 Qh5 27. Nf4 Qf7 28.
Ne4 Qe7 29. Nxg5 Qxg5 30. Rf1 h6 31. b3 b5 32. cxb5 Nxb5 33. Ne6 Qe7 34. Qf8+
Qxf8 35. Rxf8+ Kh7 36. Rb8 Nc3 37. Nf8+ Kg8 38. Ng6+ Kf7 39. Nxe5+ dxe5 40. Rb7+
Kf6 41. Rxa7 Nxd5 42. Ra5 1-0

[Event "Reykjavik Open 2026"]
[Site "Reykjavik ISL"]
[Date "2026.03.25"]
[Round "1.87"]
[White "Liu, Bei"]
[Black "Sterck, Arno"]
[Result "1-0"]
[BlackTitle "FM"]
[WhiteElo "1963"]
[BlackElo "2252"]
[WhiteFideId "8603596"]
[BlackFideId "228249"]
[EventDate "2026.03.25"]

1. d4 d5 2. c4 c6 3. cxd5 cxd5 4. Nc3 Nf6 5. Bf4 Nc6 6. e3 a6 7. Be2 Bf5 8. Nf3
e6 9. Qb3 Bb4 10. Ne5 Bxc3+ 11. Qxc3 Rc8 12. Nxc6 Rxc6 13. Qa3 Qe7 14. Qxe7+
Kxe7 15. Bd1 Rhc8 16. O-O Bc2 17. Be2 Nd7 18. f3 f6 19. Bg3 Nb6 20. Be1 Na4 21.
Bb4+ Kd7 22. Ba3 Rb6 23. b3 Nc3 24. Kf2 Rbc6 25. Rfc1 Bg6 26. Bf1 Nb5 27. Rxc6
Rxc6 28. Bxb5 axb5 29. Bf8 Rc2+ 30. Kg3 Rb2 31. b4 Ke8 32. Bd6 Bc2 33. a3 Kd7
34. Bf8 g6 35. Rc1 Ra2 36. Bg7 Ke7 37. h4 h5 38. Kf4 Kf7 39. Bh8 Rb2 40. e4 dxe4
41. fxe4 Ra2 42. e5 fxe5+ 43. Bxe5 Ke7 44. Kg5 b6 45. g3 Bf5 46. Rc7+ Kd8 47.
Ra7 Rc2 48. Rg7 Rc8 49. Kf6 Rc4 50. Rxg6 Bxg6 51. Kxg6 Ke7 52. Kxh5 Kf7 53. g4
Rc2 54. g5 Rg2 55. Kh6 Rg4 56. h5 Rg1 57. Bc7 Rg2 58. Bxb6 Rg3 59. Bc7 Rg1 60.
Bd8 Rg4 61. Kh7 Rg3 62. g6+ Kf8 63. Bc7 Rg4 64. h6 Rg1 65. Bd6+ Ke8 66. Kg7 1-0

[Event "Reykjavik Open 2026"]
[Site "Reykjavik ISL"]
[Date "2026.03.25"]
[Round "1.88"]
[White "Brzezina, Pawel"]
[Black "Omarsson, Adam"]
[Result "1-0"]
[WhiteTitle "CM"]
[BlackTitle "CM"]
[WhiteElo "2248"]
[BlackElo "1961"]
[WhiteFideId "21078866"]
[BlackFideId "2311453"]
[EventDate "2026.03.25"]

1. d4 Nf6 2. c4 g6 3. Nc3 Bg7 4. e4 d6 5. h3 c5 6. d5 O-O 7. Nf3 b5 8. cxb5 a6
9. a4 Qa5 10. Bd2 Qb4 11. Qc2 axb5 12. Bxb5 Ba6 13. O-O Bxb5 14. axb5 Nbd7 15.
Rfc1 Nb6 16. Ne1 Nfd7 17. Nd3 Qd4 18. Bg5 e6 19. Be7 Rxa1 20. Rxa1 Re8 21. Bxd6
exd5 22. e5 Rc8 23. Rd1 Qh4 24. Qe2 d4 25. e6 dxc3 26. exd7 Nxd7 27. bxc3 Bxc3
28. Nf4 Nb6 29. g3 Qf6 30. Be7 Qf5 31. Bd8 Rb8 32. Bc7 Rb7 33. Qe8+ Kg7 34. Qc6
Qc8 35. Bxb6 Qxc6 36. bxc6 1-0

[Event "Reykjavik Open 2026"]
[Site "Reykjavik ISL"]
[Date "2026.03.25"]
[Round "1.89"]
[White "Gilbert, Michael A"]
[Black "Plaskan, Jure"]
[Result "0-1"]
[WhiteElo "1960"]
[BlackElo "2237"]
[WhiteFideId "2068036"]
[BlackFideId "14605252"]
[EventDate "2026.03.25"]

1. d4 Nf6 2. Nf3 e6 3. Bg5 Be7 4. Nbd2 d5 5. e3 b6 6. Ne5 O-O 7. Bd3 c5 8. c3 a5
9. a4 Ba6 10. Qe2 Bxd3 11. Qxd3 Nfd7 12. Nxd7 Nxd7 13. Bxe7 Qxe7 14. O-O e5 15.
e4 cxd4 16. cxd4 dxe4 17. Qxe4 Qb4 18. Nf3 Rae8 19. Qf5 e4 20. Ng5 Nf6 21. d5
Qxb2 22. Rab1 Qe5 23. Qxe5 Rxe5 24. f4 Rxd5 25. Rxb6 h6 26. Nh3 Rd4 27. Ra1 e3
28. Kf1 Re8 29. Rb2 Nd5 30. g3 Nc3 31. Ng1 Rd2 0-1

[Event "Reykjavik Open 2026"]
[Site "Reykjavik ISL"]
[Date "2026.03.25"]
[Round "1.90"]
[White "Briem, Benedikt"]
[Black "Braak, Richard"]
[Result "0-1"]
[WhiteTitle "CM"]
[WhiteElo "2233"]
[BlackElo "1955"]
[WhiteFideId "2315432"]
[BlackFideId "24626422"]
[EventDate "2026.03.25"]

1. d4 Nf6 2. Nf3 d5 3. c4 e6 4. g3 Bb4+ 5. Nbd2 O-O 6. Bg2 c6 7. O-O b6 8. Qc2
Bb7 9. Rd1 Nbd7 10. a3 Be7 11. e4 Rc8 12. e5 Ne8 13. b4 c5 14. dxc5 bxc5 15. b5
f6 16. cxd5 Bxd5 17. Nc4 Qc7 18. Bf4 Qb7 19. Ne3 Nb6 20. Nxd5 Nxd5 21. exf6 Bxf6
22. Ne5 g5 23. Rxd5 exd5 24. Rd1 Qg7 25. Rxd5 gxf4 26. Rd7 Bxe5 27. Rxg7+ Nxg7
28. Bd5+ Kh8 29. Kg2 fxg3 30. hxg3 Bd4 31. f4 Nf5 32. Kf3 Ne3 33. Qa2 Nxd5 34.
Qxd5 Rce8 35. a4 Re3+ 36. Kg4 Rg8+ 37. Kf5 Rexg3 38. Qd6 R3g6 39. Qe7 R6g7 40.
Qe6 Rf8+ 41. Ke4 Rgf7 42. a5 Rxf4+ 43. Kd3 Bg7 44. Qe7 c4+ 45. Ke3 c3 46. b6
axb6 47. axb6 Bd4+ 48. Kd3 Bxb6 49. Kxc3 Bd4+ 50. Kd3 Bg7 51. Qb7 h5 52. Ke3 h4
53. Qb5 R8f5 54. Qb8+ Kh7 55. Qb1 Kh6 56. Qh1 Bf6 57. Qa8 Kh5 58. Qg8 Bg5 59.
Ke2 h3 60. Qh8+ Kg4 61. Qa8 Rf2+ 62. Ke1 h2 63. Qe4+ R5f4 64. Qe6+ Kh4 65. Qd5
Rf1+ 66. Ke2 h1=Q 67. Qd4 Qg2+ 0-1

[Event "Reykjavik Open 2026"]
[Site "Reykjavik ISL"]
[Date "2026.03.25"]
[Round "1.91"]
[White "Hallmundarson, Birkir"]
[Black "Mahalakshmi, M"]
[Result "0-1"]
[BlackTitle "WIM"]
[WhiteElo "1949"]
[BlackElo "2232"]
[WhiteFideId "2319446"]
[BlackFideId "5001080"]
[EventDate "2026.03.25"]

1. Nf3 d5 2. d4 Nf6 3. c4 e6 4. Nc3 Be7 5. Bf4 O-O 6. e3 b6 7. cxd5 Nxd5 8. Nxd5
Qxd5 9. a3 Ba6 10. Bxa6 Nxa6 11. O-O Bd6 12. Ne5 Rfd8 13. Qa4 Nc5 14. dxc5 Bxe5
15. Rad1 Qxc5 16. Rc1 Qd6 17. Rfd1 Bxf4 18. Rxd6 Bxd6 19. g3 a5 20. Qc6 Rac8 21.
Kg2 Kf8 22. Rc2 Ke7 23. Qe4 h6 24. Rc6 Rd7 25. f4 g6 26. Kf3 Bc5 27. b4 axb4 28.
axb4 Bd6 29. h4 h5 30. Qc4 Ra8 31. e4 Ra3+ 32. Kg2 Bxf4 33. Qf1 Rd2+ 34. Kh1 Be5
35. Rc1 Raa2 36. Kg1 Bd4+ 0-1

[Event "Reykjavik Open 2026"]
[Site "Reykjavik ISL"]
[Date "2026.03.25"]
[Round "1.92"]
[White "Vincenti, Leonardo"]
[Black "Gayon, Benoit"]
[Result "1-0"]
[WhiteTitle "FM"]
[WhiteElo "2226"]
[BlackElo "1947"]
[WhiteFideId "28550820"]
[BlackFideId "632040"]
[EventDate "2026.03.25"]

1. e4 e5 2. Nf3 Nc6 3. Bb5 f5 4. d3 fxe4 5. dxe4 Nf6 6. O-O Bc5 7. Bxc6 bxc6 8.
Nxe5 O-O 9. Nc3 Qe8 10. Nd3 Bd4 11. e5 Bxc3 12. bxc3 Nd5 13. Ba3 Rf5 14. Qg4 d6
15. exd6 cxd6 16. Rfe1 Qf7 17. Qg3 Nxc3 18. Qxd6 Nb5 19. Qd8+ 1-0

[Event "Reykjavik Open 2026"]
[Site "Reykjavik ISL"]
[Date "2026.03.25"]
[Round "1.93"]
[White "Scotti, Martin"]
[Black "Vojtek, Vladimir"]
[Result "0-1"]
[BlackTitle "FM"]
[WhiteElo "1943"]
[BlackElo "2211"]
[WhiteFideId "551035065"]
[BlackFideId "14901919"]
[EventDate "2026.03.25"]

1. d4 d5 2. c4 e6 3. Nc3 a6 4. Nf3 dxc4 5. a4 Nc6 6. e3 Na5 7. Nd2 Nf6 8. Nxc4
c5 9. Be2 cxd4 10. exd4 Nxc4 11. Bxc4 Bd6 12. Qe2 O-O 13. O-O h6 14. Rd1 Qc7 15.
h3 Bd7 16. d5 Rfe8 17. Be3 Bc5 18. Bxc5 exd5 19. Nxd5 Nxd5 20. Qd3 Nf6 21. Bd6
Qc6 22. Qb3 Be6 23. Bxe6 Rxe6 24. Rac1 Qe4 25. Qc4 Rd8 26. Qxe4 Rxe4 27. a5 Re2
28. Ba3 Rxd1+ 29. Rxd1 Re5 30. Rd8+ Kh7 31. Bb4 Rb5 32. Bc3 Ne4 33. Rd7 Kg6 34.
Kf1 Nxc3 35. bxc3 Rb2 36. Ke1 f5 37. Rd2 Rxd2 38. Kxd2 Kf6 39. Kd3 Ke5 40. Kc4
Kd6 41. f4 h5 42. Kd4 Kc6 43. Ke5 g6 44. c4 Kc5 45. Kf6 b6 46. axb6 Kxb6 47.
Kxg6 a5 48. Kxf5 a4 49. Kg5 a3 50. Kxh5 a2 51. Kg6 a1=Q 52. f5 Qh8 53. g4 Kc5
54. f6 Kd6 55. g5 Ke6 56. c5 Qg8+ 0-1